| 000 | 01584nam1a2200373 i 4500 | ||
|---|---|---|---|
| 001 | RU\NLR\bibl\1877572 | ||
| 005 | 20260405204454.0 | ||
| 035 | _a(NLR Aleph) 001867368 | ||
| 090 |
_a2613982 _c2613982 |
||
| 100 | _a20120306g20129999u y0rusy50 ca | ||
| 101 | 1 |
_arus _cger |
|
| 102 | _aRU | ||
| 105 | _a||||z ||||| | ||
| 200 | 1 |
_aРимские папы, их церковь и государство в XVI и XVII столетиях _eперевод с немецкого _e[в 2 т.] _fЛ. фон Ранке |
|
| 205 | _aИзд. 2-е, [репр.] | ||
| 210 |
_aМосква _cURSS _cЛИБРОКОМ _d2012 |
||
| 215 | _d22 | ||
| 225 | 1 | _aАкадемия фундаментальных исследований: история | |
| 300 | _aНа тит. л. загл. и авт. также на нем. яз.: Die römischen Päpste in den letzten vier Jahrhunderten/ Leopold von Ranke | ||
| 300 | _aНа тит. л. ориг. изд.: С. Петербург, 1869 | ||
| 463 | 0 | _10011870727 | |
| 463 | 0 | _10011869643 | |
| 517 | 1 |
_6z01790 _aDie römischen Päpste in den letzten vier Jahrhunderten _zger |
|
| 606 |
_aПапство _xИстория _9923881 _3RU\NLR\auth\6620317 |
||
| 686 | _aЭ375-3,3 | ||
| 700 | 1 |
_4070 _8rus _7ca _aРанке _bЛ. фон _f1795-1886 _gЛеопольд фон _3RU\NLR\auth\7791765 _974692 |
|
| 790 | 1 |
_6z01517 _aRanke _bL. von _f1795-1886 _gLeopold von _4070 |
|
| 801 | 0 |
_aRU _bNLR _c20120306 _gRCR |
|
| 801 | 1 |
_aRU _bNLR _c20120306 |
|
| 852 |
_aNLR _j2012-5/1078 |
||
| 942 | _cBOOK | ||
| 980 | _aNBR | ||